000 00742nam a2200229 i 4500
001 180689
003 ES-MaACL
005 20250718094647.0
008 120625q1957 sp a |||| |dspa d
080 _a75 Rafael
100 1 _aSuárez Bermejo, J. A.
_9150749
245 1 0 _aRafael /
_cJ. A. Suárez Bermejo ; portada de Coll ; ilustraciones de Chaco.
260 _aBarcelona :
_bEdiciones G.P.,
_c[ca. 1957]
300 _a64 p. :
_bil. ;
_c11 cm.
490 1 _aEnciclopedia pulga ;
_v326
600 0 4 _aRaffaello,
_d1483-1520
_9222299
700 1 _aColl, Alejandro.
_939607
700 1 _aChacopino Fabre, Joaquín.
_9150736
830 1 _aEnciclopedia pulga ;
_v326
_9191296
852 4 _aES-MaACL
_j2311-F-6
999 _c180689
_d180689